Pro esc: evaluación de los procesos de escritura

Guardat en:
Dades bibliogràfiques
Autors principals: Cuetos Vega, Fernando (Autor), Ramos Sánchez, José Luis (Autor), Ruano Hernández, Elvira (Autor)
Format: Llibre
Idioma:espanyol
Publicat: Madrid Tea Ediciones 2004
Edició:2a. ed
Matèries:
Etiquetes: Afegir etiqueta
Sense etiquetes, Sigues el primer a etiquetar aquest registre!

MARC

LEADER 00000cam a2200000 a 4500
001 UCC3965
003 CL-VaPUC
008 180622e20040000sp |||||||||||||||||spa|d
020 |a 9788471748002 
082 0 4 |a 371.262  |b CUE  |2 21 
100 0 |a Cuetos Vega, Fernando  |e author  |9 598092 
700 0 |a Ramos Sánchez, José Luis  |e author  |9 598093 
700 0 |a Ruano Hernández, Elvira  |e author  |9 598094 
245 1 0 |a Pro esc: evaluación de los procesos de escritura 
250 |a 2a. ed 
300 |a 40 p 
942 |c BK 
945 |d 20180622 13:48:00  |a arojas 
260 |a Madrid  |b Tea Ediciones  |c 2004 
500 |a Incluye: 5 hojas de respuestas y 5 hojas de anotaciones y 1 carpeta transparente 
650 0 |a Evaluación de la educación   |9 237505 
650 0 |a Evaluación de la enseñanza  |9 553323 
650 7 |a EVALUACION DEL APRENDIZAJE  |2 CL-VaPUC  |9 528924 
650 0 |a Escritura  |9 264941 
650 7 |a PRUEBAS ESTANDARIZADAS  |2 CL-VaPUC  |9 587428 
583 |a last modification  |c 20180622 13:48:00  |k Rodrigo Vera 
999 |c 371598  |d 371596 
952 |0 0  |1 0  |3 erb  |4 0  |6 371_262000000000000_CUE_2004  |7 0  |8 R  |9 488628  |a BIBEDU  |b BIBEDU  |c MCIRC  |i 5477646  |o 371.262 CUE 2004  |p 5477646  |r 2023-01-13  |w 2019-11-24  |y BK_R  |z Catalogado en:20180622  |k EDI